Štúdium mikroštruktúry binárnych zliatin Zn-Sc
Salvato in:
| Autore principale: | |
|---|---|
| Altri autori: | |
| Natura: | Manoscritto Libro |
| Lingua: | slovacco |
| Pubblicazione: |
2017
|
| Soggetti: | |
| Accesso online: | http://is.stuba.sk/zp/portal_zp.pl?podrobnosti=126834 |
| Tags: |
Nessun Tag, puoi essere il primo ad aggiungerne!!
|
MARC
| LEADER | 00000ntm a22000003a 4500 | ||
|---|---|---|---|
| 001 | stuzp63466 | ||
| 003 | SK-STU | ||
| 005 | 20170610210810.8 | ||
| 007 | ta | ||
| 008 | 150427s2015----xo-----f-mn---000-0-slo-d | ||
| 040 | |a STU |b slo | ||
| 041 | 0 | |a slo | |
| 100 | 1 | |a Kňažeková, Kristína |u 061000 |k Z4 |4 aut |U MTF Materiálovotechnologická fakulta |T MTF Ústav materiálov |X 44223 |U M1000 |Y 81 |7 44223 | |
| 242 | 0 | 1 | |a Study of microstructure binary alloys Zn-Sc |y eng |
| 245 | 1 | 0 | |a Štúdium mikroštruktúry binárnych zliatin Zn-Sc |
| 260 | |c 2017 | ||
| 650 | 4 | |a štruktúrne komplexné fázy |2 slo | |
| 650 | 4 | |a energiovo-disperzná analýza |2 slo | |
| 650 | 4 | |a riadkovacia elektrónová mikroskopia |2 slo | |
| 650 | 4 | |a röntgenová difrakčná analýza |2 slo | |
| 650 | 4 | |a diferenčná skenovacia kalorimetria |2 slo | |
| 650 | 4 | |a structural complex alloys |2 eng | |
| 650 | 4 | |a scanning electron microscopy |2 eng | |
| 650 | 4 | |a energy dispersive electron spectroscopy |2 eng | |
| 650 | 4 | |a x-ray diffraction spectroscopy |2 eng | |
| 650 | 4 | |a differential scanning calorimetry |2 eng | |
| 700 | 1 | |a Černičková, Ivona |u 061000 |k Z1 |4 ths |U MTF Materiálovotechnologická fakulta |T MTF Ústav materiálov |X 66646 |U M1000 |Y 81 |7 A000066646 | |
| 856 | 4 | |u http://is.stuba.sk/zp/portal_zp.pl?podrobnosti=126834 | |
| 996 | |c M* DP-13424 |l MMSKP |s P |a 0 |w stuzp63466_0001 | ||